000
00267nam a22001217a 4500
005
20170620145532.0
008
170620b xxu||||| |||| 00| 0 eng d
041
_a
eng
245
_a
MECHANICAL ENGINEERING
260
_b
ENGINEERS ACADEMY
300
_a
435
942
_c
BK
999
_c
5467
_d
5465